000 00490nam a22001932 4500
001 0000001697
005 20170406113638.0
008 140127s xx 000 0 eng d
020 _c$
040 _aYour Holding Symbol
_cYour Holding Symbol
100 1 _aDykeman,Wilma.
245 1 4 _aThe border states.
250 _a ed.
260 _anew york :
_bTIME LIFE,
_c1968.
300 _a192 p. :
_bill ;
_c cm.
504 _aindex.
650 0 _acanada.
908 _a140127
999 _c1609
_d1609